MARC

Tag First Indicator Second Indicator Subfields
LEADER 00000nam a2200000 i 4500
001 in00004765513
003 OCoLC
005 20231128151242.9
006 m o d
007 cr cnu---unuuu
008 230203t20232023nyua ob 001 0 eng
010 |a  2023005583 
024 8 |a 99995406444 
040 |a DLC  |b eng  |e rda  |c DLC  |d OCLCF  |d P@U  |d YDX  |d JSTOR  |d EBLCP  |d YDX  |d N$T  |d OCLCO  |d OCLCQ 
020 |a 150177249X  |q electronic book 
020 |a 9781501772481  |q electronic book 
020 |a 1501772481  |q electronic book 
020 |a 9781501772498  |q (electronic bk.) 
020 |z 9781501772474  |q hardcover 
035 |a (OCoLC)1370501743 
037 |a 22573/cats67364  |b JSTOR 
042 |a pcc 
043 |a n-us--- 
050 4 |a JZ1314  |b .B53 2023 
072 7 |a POL  |x 012000  |2 bisacsh 
072 7 |a HIS  |x 027110  |2 bisacsh 
072 7 |a POL  |x 001000  |2 bisacsh 
082 0 0 |a 327.1/160973  |2 23/eng/20230216 
100 1 |a Blankenship, Brian D.,  |d 1990-  |e author. 
245 1 4 |a The burden-sharing dilemma :  |b coercive diplomacy in US alliance politics /  |c Brian D. Blankenship. 
264 1 |a Ithaca :  |b Cornell University Press,  |c 2023. 
264 4 |c ©2023 
300 |a 1 online resource ( x, 196 pages) :  |b illustrations. 
336 |a text  |b txt  |2 rdacontent 
337 |a computer  |b c  |2 rdamedia 
338 |a online resource  |b cr  |2 rdacarrier 
490 1 |a Cornell studies in security affairs 
504 |a Includes bibliographical references and index. 
505 0 |a The strategic logic of coercive burden-sharing -- "A legitimate role in the defense of the alliance, but on a leash": West German burden-sharing, 1961-1974 -- "Between Scylla and Charybdis": the US-Japan alliance, 1964-1976 -- "They live at our sufferance": the US-South Korea alliance, 1964-1980 -- Is Iceland blackmailing us?": Icelandic burden-sharing, 1949-1960. 
588 |a Description based on print version record and CIP data provided by publisher; resource not viewed. 
650 0 |a Alliances. 
650 0 |a Diplomacy. 
651 0 |a United States  |x Foreign relations  |y 1945-1989. 
650 6 |a Diplomatie. 
651 6 |a États-Unis  |x Relations extérieures  |y 1945-1989. 
650 7 |a diplomacy.  |2 aat 
650 7 |a POLITICAL SCIENCE / Security (National & International)  |2 bisacsh 
650 7 |a Alliances  |2 fast 
650 7 |a Diplomacy  |2 fast 
650 7 |a Diplomatic relations  |2 fast 
651 7 |a United States  |2 fast 
648 7 |a 1945-1989  |2 fast 
655 7 |a Electronic books.  |2 local 
710 2 |a JSTOR (Organization) 
776 1 8 |i Print version:  |a Blankenship, Brian D., 1990-  |t Burden-sharing dilemma  |d Ithaca : Cornell University Press, 2023  |z 9781501772474  |w (DLC) 2023005582 
830 0 |a Cornell studies in security affairs. 
856 4 0 |u http://proxy.library.tamu.edu/login?url=https://www.jstor.org/stable/10.7591/jj.130890  |z Connect to the full text of this electronic book  |t 0 
945 |b 938666 
955 |a YBP purchased JSTOR DDA e-records 
980 |b ebook  |c 99995406444  |f NONFIC/B  |g 565704  |k USD  |m 112.50  |q 1  |s AcqMono Conventional  |t Demand driven acquisitions (DDA)  |u Vendor order reference number  |v ZYBP  |y PDA  |z Electronic resource 
999 f f |i b70b5e20-9afd-410b-a3ca-c2270d5e8501  |s 1f270885-30ab-4015-9e27-b99e5702ae29  |t 0 
952 f f |a Texas A&M University  |b College Station  |c Electronic Resources  |s www_evans  |d Available Online  |t 0  |e JZ1314 .B53 2023  |h Library of Congress classification